The spectacular trains; (Record no. 342)

MARC details
000 -LEADER
fixed length control field 00909nam a2200289 4500
005 - DATE AND TIME OF LATEST TRANSACTION
control field 20260322212016.0
008 - FIXED-LENGTH DATA ELEMENTS--GENERAL INFORMATION
fixed length control field data
010 ## - LIBRARY OF CONGRESS CONTROL NUMBER
LC control number 73078381
020 ## - INTERNATIONAL STANDARD BOOK NUMBER
International Standard Book Number 0833100181
020 ## - INTERNATIONAL STANDARD BOOK NUMBER
International Standard Book Number 9780833100184
040 ## - CATALOGING SOURCE
Original cataloging agency DLC
Transcribing agency DLC
Modifying agency DLC
042 ## - AUTHENTICATION CODE
Authentication code lcac
043 ## - GEOGRAPHIC AREA CODE
Geographic area code n-us---
050 00 - LIBRARY OF CONGRESS CALL NUMBER
Classification number HE2751
Item number .E94
082 00 - DEWEY DECIMAL CLASSIFICATION NUMBER
Classification number 385/.0973
092 ## - LOCALLY ASSIGNED DEWEY CALL NUMBER (OCLC)
Classification number 385 E94 1973
001 - CONTROL NUMBER
control field data
100 1# - MAIN ENTRY--PERSONAL NAME
Personal name Everds, John.
245 14 - TITLE STATEMENT
Title The spectacular trains;
Remainder of title a history of rail transportation.
Statement of responsibility, etc. John Everds.
260 ## - PUBLICATION, DISTRIBUTION, ETC.
Place of publication, distribution, etc. Northbrook, Ill.,
Name of publisher, distributor, etc. Hubbard Press
Date of publication, distribution, etc. [c1973]
300 ## - PHYSICAL DESCRIPTION
Extent 64 p.
Other physical details illus.
Dimensions 29 cm.
520 ## - SUMMARY, ETC.
Summary, etc. A history of trains in the United States from the early steam locomotives to the turbotrains of the future.
650 #0 - SUBJECT ADDED ENTRY--TOPICAL TERM
Topical term or geographic name entry element Railroads
Geographic subdivision United States
General subdivision Juvenile literature.
650 #1 - SUBJECT ADDED ENTRY--TOPICAL TERM
Topical term or geographic name entry element Railroads
General subdivision History.
906 ## - LOCAL DATA ELEMENT F, LDF (RLIN)
a 7
b cbc
c orignew
d 2
e opcn
f 19
g y-gencatlg
991 ## -
-- c-GenColl
-- HE2751
-- .E94
-- Copy 1
-- BOOKS
Holdings
Withdrawn status Lost status Damaged status Not for loan Home library Current library Shelving location Date acquired Total checkouts Full call number Barcode Date last seen Price effective from Koha item type
        Springfield Springfield General stacks 22/03/2026   385/.0973 BC0010352 22/03/2026 22/03/2026 Books